Pays les plus proches de Colombie - Statistiques

Statistiques générales
  • Ce quiz a été pris 440 fois
  • Le résultat moyen est 14 sur 20
Statistiques - réponses
km pays % Correct
0 Brésil
98%
0 Venezuela
96%
0 Pérou
95%
0 Équateur
94%
0 Panama
93%
559 Costa Rica
86%
665 Guyana
85%
728 Nicaragua
77%
944 Honduras
76%
891 Cuba
73%
781 Jamaïque
68%
621 Haïti
66%
573 République dominicaine
63%
970 Saint-Vincent-et-les- Grenadines
61%
745 Trinité-et-Tobago
61%
896 Grenade
54%
765 Etats-Unis
à Porto Rico
52%
294 Pays-Bas
à Bonaire
29%
214 Curaçao
18%
125 Aruba
17%
Aucun quiz correspondant
Distribution des résultats
% des personnes avec chaque résultat
Percentile par nombre de réponses
Votre historique - résultats
Vous n’avez pas pris ce quiz